[Event "18th Aeroflot Open-A 2020"]
[Site "Moscow"]
[Date "2020.02.22"]
[Round "4.7"]
[White "Adhiban, B.."]
[Black "Can, Emre"]
[Result "1-0"]
[WhiteElo "2654"]
[BlackElo "2600"]
[Annotator "TA"]
[PlyCount "83"]
[EventDate "2020.02.19"]
[EventType "swiss"]
[EventCountry "RUS"]
[SourceTitle "playchess.com"]
[Source "ChessBase"]
[SourceQuality "1"]

{[%evp 21,83,8,21,0,0,-3,8,0,9,12,10,0,6,15,0,-18,0,-19,0,0,51,56,62,67,105,104,88,87,89,81,164,167,166,102,110,114,110,59,51,60,151,145,219,222,222,222,251,245,243,242,230,189,193,116,394,237,432,432,423,423,1135,1129,1043,1029]} 1. e4 c5 2. Nf3 d6 3. d4 cxd4 4. Nxd4 Nf6 5. Nc3 Nc6 6. Bc4 e6 7. Be3 a6 8. Qe2 Be7 9. O-O-O Nxd4 10. Bxd4 b5 11. Bb3 O-O 12. e5 {B89: Sicilian: Velimirovic Attack.} dxe5 13. Bxe5 Qb6 14. Ne4 $1 {[%cal Re4f6] The position is equal.} Nxe4 15. Qxe4 Bg5+ 16. Kb1 Bb7 17. Qg4 Bh6 $1 {[#]} 18. Rd7 $146 ({Predecessor:} 18. Qg3 Rac8 19. Rd4 Kh8 20. Rhd1 a5 21. Rh4 f6 22. Rxh6 Rcd8 23. Rd6 gxh6 24. Qf4 Rxd6 25. Bxd6 {0-1 (39) Tiba,V (2192)-Ovsejevitsch,S (2561) Koszalin 2012}) 18... Qc6 19. Bxe6 {aiming for Bd5.} Bc8 20. Rd6 $1 $40 {[%cal Rd6c6][%mdl 128] White has some attack.} Qc5 (20... Bxe6 $11 21. Qxe6 Qxg2) 21. Bxc8 $14 Raxc8 22. Qe4 $1 f6 23. Bg3 f5 24. Qd3 f4 25. Bh4 {Strongly threatening Be7.} Qh5 (25... f3 $16) 26. Be7 $18 Rfe8 27. Rd7 (27. Re1 $1 $18) 27... Qe5 $16 28. Bb4 Qe2 29. Qxe2 ({White should try} 29. Qd5+ $16 Kh8 30. Bc5) 29... Rxe2 $14 30. Rd2 $1 {[%cal Rd2e2]} Re4 ({Black should play} 30... Rce8 $14) 31. f3 $1 $16 {[%cal Rf3e4]} Rxb4 {[#]} (31... Re3 $16 {was called for.} 32. h4 g6) 32. b3 $1 $18 Bg5 33. a3 a5 34. axb4 axb4 {[%mdl 4096] Endgame KRR-KRB} 35. Rd6 Bf6 {If only Black now had time for ...Ra8....} 36. Rhd1 Kf7 37. R1d4 ({Better is} 37. Rd7+ $18 Kg6 38. Ra7) 37... Be5 $2 {[%mdl 8192] Loses the game.} (37... Bxd4 $16 38. Rxd4 g5) 38. Rd7+ Ke6 $2 {[#]} (38... Ke8 {is a better defense.} 39. R4d5 {[%mdl 64] Double Attack} Ra8 40. Rxe5+ Kxd7 41. Rxb5 Kc6 42. Rxb4 Rf8 43. Rc4+ Kb6) 39. Rd8 $1 {White is clearly winning.} Rc6 40. Re4 {Threatens to win with Re8+.} Kf6 (40... Rc5 $142 41. Rxb4 h6) 41. Rf8+ Ke7 42. Rf5 {Accuracy: White = 73%, Black = 53%.} ({Weaker is} 42. Rxe5+ Kxf8 43. Rxb5 Ke7 $18) 1-0

[Event "18th Aeroflot Open-A 2020"]
[Site "Moscow"]
[Date "2020.02.22"]
[Round "4.8"]
[White "Cordova, Emilio"]
[Black "Riazantsev, Alexander"]
[Result "0-1"]
[WhiteElo "2593"]
[BlackElo "2639"]
[Annotator "TA"]
[PlyCount "53"]
[EventDate "2020.02.19"]
[EventType "swiss"]
[EventCountry "RUS"]
[SourceTitle "playchess.com"]
[Source "ChessBase"]
[SourceQuality "1"]

{[%evp 13,53,0,0,0,0,0,49,45,35,17,47,0,0,0,-14,-145,-150,-117,-118,-175,-143,-167,-168,-168,-170,-277,-279,-489,-484,-495,-487,-478,-482,-448,-277,-422,-407,-419,-419,-837,-837,-778]} 1. Nf3 d5 2. d4 Nf6 3. c4 e6 4. g3 Be7 5. Bg2 O-O 6. O-O dxc4 7. Qc2 b5 8. a4 {E05: Open Catalan: 5 Nf3 Be7.} b4 9. Nfd2 Nd5 10. Nxc4 {White is slightly better.} c5 11. dxc5 Ba6 12. Rd1 Nd7 $1 13. b3 {e4 is the strong threat.} Rc8 {[#]} 14. Bb2 $146 (14. e4 $1 $11 N5f6 15. e5) ({Predecessor:} 14. e4 N5f6 15. e5 Nd5 16. Bb2 Nxc5 17. Nbd2 Qc7 18. Rac1 Rfd8 19. Bf1 Qb8 20. Bd4 {1-0 (33) Tsolakidou,S (2431)-Solozhenkina,E (2283) New Delhi 2019}) 14... Nxc5 $17 15. Nbd2 Bf6 16. Ne4 (16. Bxf6 $17 Qxf6 17. Nd6) 16... Bxb2 $1 $19 17. Nxc5 Bxa1 18. Nxa6 {[#]} Qf6 $1 19. a5 (19. Rd3 $142) 19... Bd4 20. e4 $2 {[#]} (20. Rf1) 20... Rxc4 $1 {[%mdl 512]} 21. bxc4 {[#]} b3 $1 {[%cal Rb3c2]} 22. Qd2 Nc3 23. Rf1 e5 24. Nc5 (24. Nb4 {was worth a try.}) 24... b2 ({Don't do} 24... Bxc5 25. Qxc3 Rb8 26. Qd2 $19) 25. Qxb2 {[#] aiming for Nd7.} Na4 $1 {[%cal Ra4b2][%mdl 576] Discovered Attack} 26. Qxd4 (26. Nd7 $142 Nxb2 27. Nxf6+ gxf6 28. Ra1) (26. Nxa4 Bxb2) 26... exd4 27. Nxa4 {Accuracy: White = 38%, Black = 83%.} 0-1

[Event "18th Aeroflot Open-A 2020"]
[Site "Moscow"]
[Date "2020.02.22"]
[Round "4.9"]
[White "Narayanan.S.L"]
[Black "Puranik, Abhimanyu"]
[Result "1/2-1/2"]
[WhiteElo "2637"]
[BlackElo "2597"]
[Annotator "TA"]
[PlyCount "64"]
[EventDate "2020.02.19"]
[EventType "swiss"]
[EventCountry "RUS"]
[SourceTitle "playchess.com"]
[Source "ChessBase"]
[SourceQuality "1"]

{[%evp 20,64,17,16,21,30,17,35,27,23,27,25,33,31,27,36,35,30,38,0,3,0,0,0,0,0,0,0,0,0,0,0,-12,-35,-29,-19,-18,-37,-21,-33,0,-112,-20,-125,4,-68,-47]} 1. e4 e5 2. Nf3 Nc6 3. Bb5 a6 4. Ba4 Nf6 5. O-O Be7 6. Re1 b5 7. Bb3 d6 8. c3 O-O 9. h3 Bb7 10. d4 Nd7 11. Nbd2 exd4 {C92: Closed Ruy Lopez: 9...Be6, Karpov and Flohr-Zaitsev Variations.} 12. cxd4 Bf6 13. Nf1 Na5 {White is slightly better.} 14. Bc2 Re8 15. Ng3 g6 $1 16. Rb1 c5 17. d5 Nc4 18. b3 Ncb6 {[#]} 19. Be3 $146 ({Predecessor:} 19. Nh2 h5 20. Ngf1 a5 21. g4 hxg4 22. hxg4 b4 23. Nf3 a4 24. g5 Bg7 25. bxa4 {1-0 (46) Vachier Lagrave,M (2789)-Borisek,J (2576) chess.com INT 2018}) 19... b4 20. Nh2 a5 21. Ng4 Bg7 22. Nh6+ Kf8 23. Nhf5 gxf5 24. Nxf5 Re5 {White must now prevent ...Rxf5!} 25. Nxd6 {[#] f4 is the strong threat.} ({Reject} 25. Nxg7 Kxg7 26. Bf4 Qf6 $17) 25... Bxd5 $1 26. f4 Re6 27. Nxf7 $1 Kxf7 28. exd5 Rd6 $1 29. Bxh7 Nxd5 {White should prevent ...N7f6.} 30. Qd3 (30. Bf2 $11 {remains equal.}) 30... Qf6 (30... Bc3 $17 31. Be4 Nxe3 32. Qxd6 Nf6 {[%mdl 64] Discovered Attack}) 31. Rbd1 (31. Bf2 $1 $11 {was the only way to keep the balance.}) 31... Bf8 ({Better is} 31... Re8 $17 32. Kh1 Bf8) 32. Be4 (32. Bf2 $11 N7b6 33. Rc1 Nxf4 34. Qg3) 32... Nxe3 {Accuracy: White = 71%, Black = 81%.} 1/2-1/2

[Event "18th Aeroflot Open-A 2020"]
[Site "Moscow"]
[Date "2020.02.22"]
[Round "4.10"]
[White "Vaibhav, Suri"]
[Black "Aravindh, Chithambaram VR."]
[Result "1/2-1/2"]
[WhiteElo "2591"]
[BlackElo "2630"]
[Annotator "TA"]
[PlyCount "62"]
[EventDate "2020.02.19"]
[EventType "swiss"]
[EventCountry "RUS"]
[SourceTitle "playchess.com"]
[Source "ChessBase"]
[SourceQuality "1"]

{[%evp 27,62,31,27,20,31,30,33,25,35,19,27,17,12,16,11,0,0,0,0,0,0,0,0,0,0,-11,0,-87,0,0,0,0,0,0,0,0,0]} 1. e4 c5 2. Nf3 e6 3. d4 cxd4 4. Nxd4 Nc6 5. Nc3 Qc7 6. g3 a6 7. Bg2 Nf6 8. O-O Nxd4 9. Qxd4 Bc5 10. Bf4 d6 11. Qd2 h6 12. Rad1 e5 13. Be3 Ke7 14. Bxc5 Qxc5 15. Na4 {B47: Sicilian: Taimanov: 5 Nc3 Qc7 6 f4, 6 g3 and 6 Be2.} Qc7 16. f4 {aiming for fxe5.} Rd8 17. fxe5 {White is slightly better.} dxe5 18. Qb4+ Ke8 $1 19. Nb6 {[#]} Rxd1 $146 ({Predecessor:} 19... Rb8 20. Nd5 Nxd5 21. exd5 Rd6 22. Qe4 Qe7 23. Rde1 f6 24. c4 Rd8 25. b4 b6 26. a3 Bb7 27. Qh7 a5 28. Bh3 Qf8 29. Rxe5+ fxe5 30. Qg6+ {1-0 (30) Hernandez Guerrero,G (2538)-Hernandez Guerrero,Y (2250) Merida 2003}) 20. Rxd1 Rb8 $1 21. Nd5 Nxd5 22. exd5 b5 23. d6 Qxc2 {[#]} 24. d7+ $1 {[%mdl 576] Decoy} Bxd7 25. Qd6 {[%mdl 64] Double Attack} Rd8 26. Bb7 Qe2 27. b4 (27. Bc6 $11 Qg4 28. Rd5 (28. Qxe5+ Qe6 $11)) 27... e4 ({Better is} 27... Qe3+ $17 28. Kh1 Qe2) 28. Qe5+ $11 {[#]The position is equal.} Kf8 $1 {[#]} 29. Rxd7 $1 {[%cal Rd7d8][%mdl 512]} Qe3+ (29... Rxd7 $5 30. Qb8+ $8 Ke7 31. Qe5+ {[%mdl 64] [#] Double Attack} Kf8 $1 {[%mdl 512]} 32. Qb8+ Ke7 33. Qe5+ {[%mdl 64] Double Attack} Kf8 $1 $11 {[%mdl 512]}) 30. Kg2 {[%cal Rd7d8]} Qf3+ (30... Rxd7 $5 31. Qb8+ $8 Ke7 32. Qe5+ {[%mdl 64] Double Attack} Kd8 33. Qb8+ Ke7 34. Qe5+ {[%mdl 64] Double Attack} Kd8 35. Qb8+ Ke7 $11) 31. Kg1 {[%cal Rd7d8]} Qe3+ {Accuracy: White = 94%, Black = 93%.} (31... Rxd7 $5 32. Qb8+ $8 Ke7 33. Qe5+ {[%mdl 64] Double Attack} Kf8 34. Qb8+ Ke7 35. Qe5+ {[%mdl 64] Double Attack} Kf8 $11) 1/2-1/2

[Event "18th Aeroflot Open-A 2020"]
[Site "Moscow"]
[Date "2020.02.22"]
[Round "4.11"]
[White "Martirosyan, Haik M."]
[Black "Sargsyan, Shant"]
[Result "1/2-1/2"]
[WhiteElo "2630"]
[BlackElo "2594"]
[Annotator "TA"]
[PlyCount "70"]
[EventDate "2020.02.19"]
[EventType "swiss"]
[EventCountry "RUS"]
[SourceTitle "playchess.com"]
[Source "ChessBase"]
[SourceQuality "1"]

{[%evp 14,70,42,55,42,0,9,0,0,0,0,0,20,0,20,0,71,79,77,85,79,58,91,68,56,64,72,20,29,34,30,42,33,18,34,39,70,60,63,15,54,8,8,8,8,8,8,0,0,0,0,0,0,0,0,0,0,0,0]} 1. e4 c5 2. Nf3 d6 3. d4 cxd4 4. Nxd4 Nf6 5. Nc3 Nc6 6. Bg5 e6 7. Qd3 a6 8. O-O-O {8.Nxc6 is the hot move.} Bd7 {B62: Sicilian: Richter-Rauzer: 6...e6: Unusual White 7th moves.} 9. Qg3 h6 10. Be3 Nxd4 11. Bxd4 e5 12. Be3 {[#]} Rc8 $146 {Threatening ...Rxc3!} (12... Nh5 $5 13. Qf3 $8 Nf6 $11) ({Predecessor:} 12... Be6 13. f4 Nh5 14. Qf3 Nxf4 15. g3 Ng6 16. Nd5 Rc8 17. Kb1 Ne7 18. Bd3 Ng8 {0-1 (58) Quirhuayo Chumbe,G (2397)-Salinas Herrera,P (2411) Badalona 2017}) 13. Bd3 Be6 (13... Nh5 $5 14. Qf3 $8 Nf6 $11) 14. Nd5 Qa5 (14... Nxd5 $11 15. exd5 Bxd5) 15. Nxf6+ $16 gxf6 16. a3 h5 17. Kb1 Bh6 18. Bxh6 Rxh6 19. Qe3 Rh8 20. Rhf1 ({White should play} 20. Qa7 $16) 20... Qc5 21. Qd2 Ke7 22. f4 h4 23. h3 Rcg8 24. Rf3 Rg3 25. Rxg3 hxg3 26. f5 Bd7 27. Re1 Bc6 {The position is equal.} 28. Qe3 Qxe3 29. Rxe3 $11 {[%mdl 4096] Endgame KRB-KRB} Rh4 30. Kc1 Rf4 31. Kd2 Rf2+ 32. Re2 {And now Rxf2 would win.} Rf1 33. Re3 Rf2+ 34. Re2 {Hoping for Rxf2.} Rf1 35. Re3 Rf2+ {Accuracy: White = 83%, Black = 90%.} 1/2-1/2

[Event "18th Aeroflot Open-A 2020"]
[Site "Moscow"]
[Date "2020.02.22"]
[Round "4.12"]
[White "Visakh N R"]
[Black "Deac, Bogdan-Daniel"]
[Result "1/2-1/2"]
[WhiteElo "2518"]
[BlackElo "2626"]
[Annotator "TA"]
[PlyCount "35"]
[EventDate "2020.02.19"]
[EventType "swiss"]
[EventCountry "RUS"]
[SourceTitle "playchess.com"]
[Source "ChessBase"]
[SourceQuality "1"]

{[%evp 15,35,15,14,0,19,0,0,-3,0,0,0,-44,-22,-33,0,0,0,0,0,0,0,0]} 1. d4 Nf6 2. c4 e6 3. Nc3 Bb4 4. e3 c5 5. Nge2 cxd4 6. exd4 d5 7. a3 Be7 8. Nf4 O-O 9. Be3 {E42: Nimzo-Indian: Rubinstein: 4...c5 5 Ne2.} Nc6 {[#]} 10. Rc1 $146 {[%cal Ba1c1,Bc1c4,Bc4d4][%mdl 32]} ({Predecessor:} 10. cxd5 Nxd5 11. Ncxd5 exd5 12. Bd3 Bf6 13. O-O g6 14. Rc1 {½-½ (14) Babula,V (2563)-Movsesian,S (2718) Czechia 2009}) 10... dxc4 11. Bxc4 e5 12. dxe5 Nxe5 13. Ncd5 (13. Qb3 {is more complex.} Bd7 14. Rd1 Nxc4 15. Qxc4 Rc8 16. Qb3) 13... Nxc4 14. Rxc4 Nxd5 15. Nxd5 {The position is equal.} Be6 16. Nxe7+ Qxe7 17. Rd4 Rfd8 {Hoping for ...Bc4!} 18. O-O 1/2-1/2

[Event "18th Aeroflot Open-A 2020"]
[Site "Moscow"]
[Date "2020.02.22"]
[Round "4.13"]
[White "Durarbayli, Vasif"]
[Black "Petrosyan, Manuel"]
[Result "0-1"]
[WhiteElo "2625"]
[BlackElo "2590"]
[Annotator "TA"]
[PlyCount "98"]
[EventDate "2020.02.19"]
[EventType "swiss"]
[EventCountry "RUS"]
[SourceTitle "playchess.com"]
[Source "ChessBase"]
[SourceQuality "1"]

{[%evp 9,98,4,14,12,10,8,22,21,18,16,26,21,29,-32,15,16,39,18,27,29,31,-23,0,0,0,-77,-20,-20,-21,-28,-26,-8,-11,-51,-54,-36,-51,-80,-40,-48,-52,-151,-139,-131,-137,-204,-189,-208,-199,-183,-165,-151,-179,-254,-251,-241,-82,-254,-272,-267,-270,-266,-259,-256,-263,-242,-231,-377,-362,-456,-471,-518,-520,-485,-416,-682,-719,-827,-823,-771,-773,-1045,-1045,-961,-908,-1033,-1020,-991,-993,-993,-985]} 1. e4 e5 2. Nf3 Nc6 3. Bb5 Nf6 4. d3 Bc5 5. c3 O-O 6. O-O {C65: Ruy Lopez: Berlin Defence (3...Nf6), unusual lines and 4 0-0 Bc5.} Re8 7. Nbd2 a6 8. Bxc6 {The position is equal.} dxc6 9. Nc4 Nd7 10. b4 Bf8 {[#]} 11. Qb3 $146 (11. Qc2 $11) ({Predecessor:} 11. a4 b5 12. Na5 Qf6 13. Be3 Nb6 14. axb5 cxb5 15. Qc2 Bg4 16. Nd2 Qg6 17. f3 {1-0 (58) Caruana,F (2816)-Nakamura,H (2769) Leuven 2018}) 11... Qf6 12. Be3 Rb8 13. Ne1 b5 14. Na5 c5 15. f4 ({White should try} 15. Nf3 $14) 15... cxb4 16. fxe5 Qg6 17. d4 (17. cxb4 $11 Nxe5 18. Nf3) 17... c5 (17... bxc3 $17 {...b4 is the strong threat.} 18. Qxc3 c5) 18. cxb4 $1 $11 c4 19. Qb1 f6 20. Nf3 $1 fxe5 21. d5 Nf6 $1 22. Nc6 Rb7 23. Nfxe5 Qxe4 24. Qxe4 Nxe4 25. Rad1 {[#]} ({White should play} 25. Rfe1 $1 $15) 25... Nc3 $1 $17 {[%cal Rc3d1]} 26. Rd2 {White wants to play d6.} Bd6 27. Bf4 {[#]} (27. Bc5 $17) 27... g5 $1 $36 {[%cal Rg5f4][%mdl 2560] Black is in control.} 28. Bg3 (28. Bxg5 Bxe5) 28... Ne4 29. Re2 Nxg3 30. hxg3 Rc7 31. Nxc4 (31. Rff2 {keeps fighting.}) 31... Rxe2 32. Nxd6 Bb7 $2 (32... Bg4 $19 {is more deadly. And now ...Rd7 would win.} 33. Rf2 Re1+ 34. Rf1 Re3) 33. Nxb7 $2 {This move loses the game for White.} (33. Nd4 $17 {was the only defense.} Rxa2 34. Ne6 Rxg2+ {[%mdl 64] Decoy} 35. Kxg2 Bxd5+ {[%mdl 64] Double Attack} 36. Ne4 Bxe6 37. Nxg5) 33... Rxb7 $17 {[%mdl 4096] Endgame KRR-KRN} 34. d6 Rd7 ({Not} 34... Rxa2 35. Rd1 $15) 35. Ne7+ Kg7 36. Nf5+ Kg6 37. Ne7+ Kh5 38. Rf6 (38. Rd1 $142) 38... Rd2 $19 39. Nf5 {Black must now prevent Rh6+.} g4 40. a3 Kg5 41. Rf8 Rd5 42. Nh4 (42. Ne3 $142 R5xd6 43. Rg8+ Rg6 44. Rc8) 42... R7xd6 {Strongly threatening ...Rf6.Black is clearly winning.} 43. Rg8+ Kh5 44. Rf8 Re5 45. Rf7 Rd1+ 46. Kf2 h6 47. Rc7 Rde1 {[%csl Ge1][%cal Re5e2]} 48. Rc2 Kg5 49. Rd2 Rh1 {Accuracy: White = 52%, Black = 88%.} 0-1

[Event "18th Aeroflot Open-A 2020"]
[Site "Moscow"]
[Date "2020.02.22"]
[Round "4.14"]
[White "Sychev, Klementy"]
[Black "Zvjaginsev, Vadim"]
[Result "1/2-1/2"]
[WhiteElo "2563"]
[BlackElo "2623"]
[Annotator "TA"]
[PlyCount "50"]
[EventDate "2020.02.19"]
[EventType "swiss"]
[EventCountry "RUS"]
[SourceTitle "playchess.com"]
[Source "ChessBase"]
[SourceQuality "1"]

{[%evp 15,50,30,39,42,39,41,40,24,39,29,38,31,35,0,0,12,10,12,11,-1,-8,-56,-60,-50,-52,-64,-61,-70,-60,-70,-31,-47,-39,-41,-30,-43,-29]} 1. e4 e5 2. Nf3 Nc6 3. Bb5 Nf6 4. d3 d6 5. O-O a6 6. Bxc6+ bxc6 7. d4 exd4 8. Nxd4 $1 {8.Nxd4 is better than 8.Qxd4.} c5 9. Nc6 {C79: Ruy Lopez: Steinitz-type lines with 3...a6 4 Ba4 Nf6 5 0-0 d6.} Qd7 10. Na5 $1 Qa4 11. Bd2 {White is slightly better.} Be7 12. Re1 Bg4 13. f3 Be6 $1 14. c4 (14. Qe2 {is more complex.} O-O 15. c4 Rae8 16. f4 Bc8 17. Qf3) 14... Qxd1 15. Rxd1 Nd7 {[#]} 16. Nc3 $146 ({Predecessor:} 16. f4 f5 17. Nc3 Bf6 18. exf5 Bxf5 19. Re1+ Kf8 20. Nd5 Bxb2 21. Rad1 Bc2 22. Nxc7 {½-½ (65) Colucci,P (2305)-Weber Widmer,D (2299) ICCF email 2009}) 16... Bf6 17. Nd5 Bxd5 18. cxd5 Bxb2 19. Rab1 Bd4+ 20. Kf1 {[#]} f5 $1 {[%mdl 512]} 21. Nc6 (21. exf5 Nf6) 21... fxe4 22. Ba5 Nf6 23. Nxd4 cxd4 24. fxe4 O-O {...Nxd5+ is the strong threat.} 25. Kg1 Rae8 {Black took control after the opening. Accuracy: White = 92%, Black = 91%.} 1/2-1/2

[Event "18th Aeroflot Open-A 2020"]
[Site "Moscow"]
[Date "2020.02.22"]
[Round "4.15"]
[White "Jobava, Baadur"]
[Black "Aleksandrov, Aleksej"]
[Result "0-1"]
[WhiteElo "2620"]
[BlackElo "2592"]
[Annotator "TA"]
[PlyCount "58"]
[EventDate "2020.02.19"]
[EventType "swiss"]
[EventCountry "RUS"]
[SourceTitle "playchess.com"]
[Source "ChessBase"]
[SourceQuality "1"]

{[%evp 18,58,-12,-12,7,-11,6,-13,0,0,0,-61,-17,-16,-30,-32,-30,-64,-69,-71,-67,-68,-70,-91,-107,-97,-60,-60,-43,-54,-53,-116,-116,-116,-118,-143,-146,-570,-521,-1195,-1164,-29992,-29993]} 1. e4 e5 2. Nf3 Nc6 3. Bc4 Nf6 4. Ng5 d5 5. exd5 Na5 6. Bb5+ c6 7. dxc6 bxc6 8. Be2 h6 9. Nh3 {is recently more successful than 9.Nf3. Played by Levon Aronian in November 2019.} Bd6 10. d3 Rb8 {C59: Two Knights: 4 Ng5 d5 5 exd5 Na5 5 Bb5+ c6 6 dxc6 bxc6 7 Be2.} 11. Nd2 O-O 12. Ne4 Nxe4 {The position is equal.} 13. dxe4 {[#]} Nb7 $146 ({Predecessor:} 13... f5 14. exf5 Bxf5 15. Bg4 Bxg4 16. Qxg4 Rb4 17. Qe2 Qh4 18. a3 Rg4 19. Kf1 Nc4 20. b3 Re4 {0-1 (20) Letzelter,J-Limbos,P Paris 1972}) 14. c3 (14. O-O $11) 14... Qh4 {[%mdl 1024] Black has compensation.} 15. Qd3 Be7 $36 {[%mdl 2048] Black has some pressure.} 16. Qg3 Nc5 17. f3 Qh5 $1 {[#] ...Bh4 is the strong threat.} 18. f4 Qh4 19. Nf2 exf4 20. Qxh4 Bxh4 21. O-O Bxf2+ 22. Rxf2 g5 $1 23. Bf3 Re8 24. Rd2 (24. g3 $15) 24... Nxe4 $17 25. Bxe4 Rxe4 26. Rd8+ Kh7 {Threatens to win with ...Ba6!} 27. g3 $2 {[%mdl 8192]} (27. c4 $17 {is a better chance.}) 27... f3 $19 {[#] Strongly threatening ...Re2.} 28. Rd2 Bh3 {( -> ...Rbe8)} 29. Kf2 g4 {Accuracy: White = 40%, Black = 89%.} 0-1

[Event "18th Aeroflot Open-A 2020"]
[Site "Moscow"]
[Date "2020.02.22"]
[Round "4.16"]
[White "Smirin, Ilia"]
[Black "Nesterov, Arseniy"]
[Result "1-0"]
[WhiteElo "2615"]
[BlackElo "2501"]
[Annotator "TA"]
[PlyCount "78"]
[EventDate "2020.02.19"]
[EventType "swiss"]
[EventCountry "RUS"]
[SourceTitle "playchess.com"]
[Source "ChessBase"]
[SourceQuality "1"]

{[%evp 13,78,12,29,5,12,6,17,12,17,0,15,12,16,0,0,-2,0,0,0,0,13,0,14,0,4,0,0,0,0,0,89,85,97,77,91,68,82,81,80,56,57,67,105,103,114,87,522,493,785,664,831,820,1120,811,1127,1114,1240,1177,1226,1142,1185,1062,29971,29966,6809,5809,1666]} 1. e4 e5 2. Bc4 Nf6 3. d3 Nc6 4. Nf3 Bc5 5. O-O d6 6. c3 a5 7. a4 O-O 8. Nbd2 {is the new trend. C54: Giuoco Piano: 4 c3 Nf6, main lines with 5 d4 and 5 d3.} Be6 9. Bxe6 fxe6 10. Nc4 {The position is equal.} Qd7 {[#]} 11. Qe2 $146 ({Predecessor:} 11. d4 exd4 12. cxd4 Bb4 13. Qd3 Rae8 14. Bd2 Bxd2 15. Ncxd2 Nh5 16. Qb5 Nf4 17. g3 {1-0 (33) Sebastian,D (2447)-Pfreundt,J (2399) Lueneburg 2018}) 11... Rae8 (11... Qe8 {keeps more tension.} 12. Bd2 Qg6 13. h3 h6 14. Kh2 Qh5) 12. Be3 Bxe3 13. Nxe3 Qf7 14. Nd2 Qg6 15. g3 d5 16. Ng2 Qh6 17. Rad1 Rd8 18. f4 Qh5 19. Qxh5 Nxh5 20. fxe5 Nxe5 21. d4 $36 {[%mdl 2048] White has good play.} Nc6 (21... Nd3 $11) 22. e5 {[#] Black must now prevent g4.} Rxf1+ 23. Nxf1 {Hoping for g4.} (23. Rxf1 {feels hotter.} g6 24. g4 Ng7 25. Nf4 Nb8 26. Nf3) 23... Rf8 24. Nfe3 Nd8 25. Ne1 g6 26. Ng4 Kg7 27. Kg2 Nf7 28. Nd3 b6 29. h4 Nxe5 $2 {[%mdl 8192] [#] This costs Black the game.} (29... Nd8 $16 {is more resistant.}) 30. Ngxe5 Kh6 (30... Nf6 $142 31. Nf4 Re8) 31. b4 axb4 32. cxb4 Ng7 33. g4 g5 34. Rf1 Rxf1 35. Kxf1 Ne8 36. a5 bxa5 37. bxa5 c6 38. a6 Nc7 39. a7 Na8 {Accuracy: White = 93%, Black = 57%.} 1-0

[Event "18th Aeroflot Open-A 2020"]
[Site "Moscow"]
[Date "2020.02.22"]
[Round "4.17"]
[White "Kobalia, Mikhail"]
[Black "Suleymanli, Aydin"]
[Result "1/2-1/2"]
[WhiteElo "2609"]
[BlackElo "2474"]
[Annotator "TA"]
[PlyCount "116"]
[EventDate "2020.02.19"]
[EventType "swiss"]
[EventCountry "RUS"]
[SourceTitle "playchess.com"]
[Source "ChessBase"]
[SourceQuality "1"]

{[%evp 24,116,55,15,33,23,46,12,19,2,13,-17,2,16,27,20,22,19,27,28,24,23,25,17,23,24,29,26,56,58,58,53,76,81,94,89,93,94,91,84,86,84,85,89,95,81,90,90,89,61,62,25,23,18,17,17,59,59,59,37,48,33,32,38,32,29,30,30,34,34,66,29,33,8,12,8,8,8,8,8,8,8,8,8,8,8,8,8,8,0,0,0,0,0,0]} 1. e4 c6 2. d4 d5 3. exd5 cxd5 4. c4 e6 5. Nc3 Nf6 6. Nf3 Bb4 7. cxd5 Nxd5 8. Bd2 Nc6 9. Bd3 O-O 10. O-O Nf6 11. Bg5 Be7 12. Re1 Nb4 13. Bc4 Bd7 {D42: Queen's Gambit Declined: Semi-Tarrasch: 5 cxd5 Nxd5 6 e3 Nc6 7 Bd3 .} 14. Ne5 {[#]} Be8 $146 ({Predecessor:} 14... Bc6 15. Nxf7 Rxf7 16. Bxe6 Be8 17. a3 Na6 18. Qe2 Nc7 19. Bxf7+ Kxf7 20. d5 Bd6 21. Ne4 {1-0 (31) Hovhannisyan,R (2530)-Anastasian,A (2578) Yerevan 2011}) 15. Rc1 Rc8 16. Qb3 Nc6 17. Nxc6 Rxc6 (17... Bxc6 {with more complications.} 18. Red1 Nd5 19. Bxe7 Nxe7 20. d5 exd5 21. Bxd5 Nxd5 22. Nxd5 Re8) 18. d5 exd5 19. Bxf6 dxc4 20. Bxe7 Qxe7 21. Rxe7 cxb3 22. Rxb7 bxa2 23. Rxa7 Rb6 24. Rxa2 Bd7 25. Nd5 $36 {[%mdl 2048] White is pushing.} Rb5 26. Rd1 {Strongly threatening Ne7+.} Rb7 27. b4 $1 Be6 {[#]} 28. Rb2 $1 Rfb8 29. Nf4 Bf5 30. Rd4 h6 31. h4 g5 32. Ne2 Kg7 33. Ng3 Be6 34. Ne4 Rb5 35. hxg5 hxg5 36. Nc3 Rc5 37. bxc5 Rxb2 $14 {[%mdl 4096] Endgame KRB-KRN} 38. Ne4 Rb1+ 39. Kh2 f6 40. Rd6 Kf7 41. Rd3 Rb4 42. f3 g4 43. Kg3 Ke7 44. Ra3 gxf3 45. gxf3 Bd7 46. Re3 Be6 47. f4 Rb2 48. Nd6 {[#] Hoping for Nf5+.} Kd7 {The position is equal.} 49. Ne8 Rb3 $1 {[%cal Rb3e3]} 50. Nxf6+ Kc6 51. Rxb3 (51. Kf2 {seems wilder.} Rxe3 52. Kxe3 Kxc5 53. Ke4 Kd6 54. Ne8+) 51... Bxb3 $11 {KB-KN} 52. Ne4 {aiming for f5.} Bc2 53. Kf3 Kd5 54. Nf6+ (54. Nd2 {keeps more tension.} Bf5 55. Nb3 Kc4 56. Nc1 Kxc5 57. Ke3) 54... Kxc5 55. Ke3 Kd6 56. Ne4+ Bxe4 57. Kxe4 {Kf5 would kill now.} Ke6 58. f5+ Kf6 {Accuracy: White = 90%, Black = 92%.} 1/2-1/2